Sociálne posolstvo Jána Pavla II. pre dnešný svet : "1989 a 25 rokov po..." zborník z medzinárodnej vedeckej konferencie konanej v dňoch 23. – 24. apríla 2015 v Poprade
Salvato in:
| Enti autori: | , , , |
|---|---|
| Altri autori: | , , , , , |
| Natura: | Libro |
| Lingua: | slovacco inglese ceco russo polacco |
| Pubblicazione: |
Ružomberok
VERBUM - vydavateľstvo Katolíckej univerzity v Ružomberku
2015
|
| Edizione: | 1. vyd. |
| Soggetti: | |
| Tags: |
Nessun Tag, puoi essere il primo ad aggiungerne!!
|
MARC
| LEADER | 00000nlm a2200000 4500 | ||
|---|---|---|---|
| 001 | 0228156 | ||
| 005 | 20240109074300.9 | ||
| 020 | |a 978-80-561-0246-6 | ||
| 041 | 0 | |a slo | |
| 041 | 0 | |a eng | |
| 041 | 0 | |a cze | |
| 041 | 0 | |a rus | |
| 041 | 0 | |a pol | |
| 044 | |a SK | ||
| 245 | 1 | 0 | |a Sociálne posolstvo Jána Pavla II. pre dnešný svet : "1989 a 25 rokov po..." |b zborník z medzinárodnej vedeckej konferencie konanej v dňoch 23. – 24. apríla 2015 v Poprade |c editori: Anton Lisnik, Katarína Greňová, Marián Ambrozy |
| 250 | |a 1. vyd. | ||
| 264 | 1 | |a Ružomberok |b VERBUM - vydavateľstvo Katolíckej univerzity v Ružomberku |c 2015 | |
| 300 | |a online [1055 s.] | ||
| 610 | 2 | 0 | |a manažment |
| 610 | 2 | 0 | |a ekonómia |
| 610 | 2 | 0 | |a marketing |
| 610 | 2 | 0 | |a politika sociálna |
| 610 | 2 | 0 | |a vzdelávanie |
| 610 | 2 | 0 | |a podnikanie zodpovedné |
| 700 | 1 | |a Lisnik, Anton | |
| 700 | 1 | |a Greňová, Katarína | |
| 700 | 1 | |a Ambrozy, Marián | |
| 700 | 1 | |a Bílý, Jiří | |
| 700 | 1 | |a Storoška, Marek | |
| 700 | 1 | |a Mazur, Piotr | |
| 110 | 2 | |a Sociálne posolstvo Jána Pavla II. pre dnešný svet : „1989 a 25 rokov po...“. Medzinárodná vedecká konferencia | |
| 710 | 2 | |a Pedagogická fakulta Katolíckej univerzity v Ružomberku. Katedra manažmentu | |
| 710 | 2 | |a Inštitút Juraja Páleša v Levoči | |
| 710 | 2 | |a Vysoká škola Karlovy Vary | |